Inmunología: introducción a la inmunoquímica y la inmunobiología

保存先:
書誌詳細
第一著者: Barrett, James T (著者)
フォーマット: 図書
言語:スペイン語
出版事項: Ciudad de México CRAT 1972
Ciudad de México Interamericana 1972
主題:
タグ: タグ追加
タグなし, このレコードへの初めてのタグを付けませんか!

MARC

LEADER 00000nam a2200000 a 4500
001 UCT2018
003 CL-VaPUC
008 961004e19720000mx |||||||||||||||||spa|d
082 0 4 |a 616.079  |b BAR  |2 21 
100 0 |a Barrett, James T  |e author  |9 371081 
245 1 0 |a Inmunología: introducción a la inmunoquímica y la inmunobiología 
300 |a 309 p 
942 |c BK 
945 |d 19961004 00:00:00  |a paguirre 
260 |a Ciudad de México  |b CRAT  |c 1972 
260 |a Ciudad de México  |b Interamericana  |c 1972 
650 0 |a Inmunología  |9 329894 
650 0 |a Medicina   |9 258507 
650 0 |a Análisis inmunológico   |9 370274 
650 7 |a FENOMENOS BIOLOGICOS  |2 CL-VaPUC  |9 357344 
650 7 |a FORMACION DE ANTICUERPOS  |2 CL-VaPUC  |9 371082 
650 7 |a INMUNOQUIMICA  |2 CL-VaPUC  |9 329047 
583 |a last modification  |c 20171006 04:22:44  |k Rodrigo Vera 
999 |c 252316  |d 252314 
952 |0 0  |1 0  |4 0  |6 616_079000000000000_BAR_1972_1972  |7 0  |8 A  |9 272113  |a BIBCUR  |b BIBCUR  |d 2019-11-19  |i 1756982  |o 616.079 BAR 1972 1972  |p 1756982  |r 2025-04-22  |w 2019-11-19  |y BK  |k BCB